| 000 | 00354 a2200157 4500 | ||
|---|---|---|---|
| 001 | 153099 | ||
| 040 | _cEscola São Tomás de Aquino | ||
| 100 | _aMANUEL FILHO | ||
| 240 | 1 | 0 |
_aAlém da parede mágica _lpor |
| 245 | 1 | 0 | _aAlém da parede mágica |
| 300 | _a122 | ||
| 362 | 0 | _a2014 | |
| 440 | 1 | _aBaobá | |
| 697 | _a*LITERATURA JUVENIL | ||
| 942 | _cBK | ||
| 999 |
_c153099 _d153099 |
||